| 000 | 00602nam a2200229Ia 4500 | ||
|---|---|---|---|
| 003 | OSt | ||
| 005 | 20220918212323.0 | ||
| 006 | a|||||r|||| 00| 0 | ||
| 007 | ta | ||
| 008 | 220917b |||||||| |||| 00| 0 eng d | ||
| 024 | _a128,384 | ||
| 037 | _cTextual | ||
| 040 |
_aARTS _cARTS _beng |
||
| 041 |
_2eng _aeng |
||
| 082 | _aXv5z7, K2.1 | ||
| 100 |
_aCarue-Wilson E M ed _9123419 |
||
| 245 | 0 | _aEssays in economic history edited by E M Carus-Wilson V1 | |
| 260 | _c1962 | ||
| 650 | _aECONOMICS | ||
| 942 |
_hXv5z7, K2.1 _cTEXL _2CC |
||
| 999 |
_c251522 _d251522 |
||